000 01056nas a2200349 4500
001 BR0305607
003 BR-BrBNA
005 20231205104150.0
007 ta
008 230509b bl.|||p| |||| 00| 00por d
040 _aBR-BrBNA
_bpor
_cBiblioteca Nacional de Agricultura
041 _a(Pt)
072 _aL70
100 1 _aSelmi, A.L.
100 1 _aSantos, P.S.P.
100 1 _aRezende, M.L.
100 1 _aNunes, N.
100 1 _aMcManus, C.
100 1 _aMendes, G.M.
245 1 _aAlterações eletrocardiográficas em cães pré-medicados com levomepromazina e submetidos à anestesia por propofol e sevoflurano
650 _aCÃO
650 _aELETROCARDIOGRAFIA
650 _aANESTESIA
650 _aMEDICAMENTO
650 _aANESTÉSICO
650 _aCORAÇÃO
650 _aRESPIRAÇÃO
650 _aARRITMIA
773 0 _tArquivo Brasileiro de Medicina Veterinária e Zootecnia (Brazil)
_xISSN 0102-0935
_g(Dec 2002), v. 54(6) p. 581-585
_wBR0305607
909 _a202311
_bLúcia
_c55
_dLúcia Elande
942 _2AGRIS
_n0
_cANA
999 _c176711
_d176711